00341cam a22000857a 4500008004000000082001500040245017800055260001300233300000900246180718b1965 xxu||||| |||| 00| 0 eng d aNIx73 Un3n aNationbal and state civil defence policy resolutions of the American federation of labor, congress of industrial organizationscDepartment of Defence Office of Civil Defense abc1965 a51p.